Dvadstiate výročie Slovenského národného povstania

Bibliographic Details
Main Author: Kropilák, Miroslav, 1918-1995 (Author)
Format: Book
Language:Undetermined
PhysicalDescription:54 s.
Published: Martin MS 1964

MARC

LEADER 00000nam a2200000 a 4500
001 vtls001378534
003 SK-MaSNL
005 20260301011248.0
008 240313s1964 xo 0 und
035 |a SNK000332500 
040 |a SNK  |b slo  |c SNK  |e AACR2 
044 |a xo  |c SK 
100 1 |a Kropilák, Miroslav,  |d 1918-1995  |4 aut  |9 114259 
245 1 |a Dvadstiate výročie Slovenského národného povstania 
260 |a Martin  |b MS  |c 1964 
300 |a 54 s. 
958 |a OND 
999 |c 550404  |d 552334 
952 |t P60, <04>, [BOOK], {604}  |a SNK  |b SNK  |y VYP  |7 0  |p 17A0220731  |o snkSB 10569 D1  |0 0  |1 0  |4 0  |d 1999-12-02  |l 0  |r 2005-01-02 00:00:00  |w 2026-02-23 
952 |a SNK  |b SNK  |y PREZ  |7 0  |p 17A0780074  |o snkSB 10569  |0 0  |1 0  |4 0  |d 2012-08-02  |l 0  |r 2025-03-05 00:00:00  |w 2026-02-23